| 000 | 00660aam a2200265 4500 | ||
|---|---|---|---|
| 005 | 20240605192200.0 | ||
| 008 | 150513b1999 xxu||||| |||| 00| 0 spa d | ||
| 020 | _a9968702242 | ||
| 041 | _aESP | ||
| 082 | _a577.972.86 V164c | ||
| 100 | _aValerio Gutierrez, Carlos E. | ||
| 245 | _aCosta Rica: ambiente y biodiversidad | ||
| 260 | _aCosta Rica | ||
| 260 | _bINBIO | ||
| 260 | _c1999 | ||
| 300 | _a140 páginas | ||
| 650 | _aECOLOGÍA | ||
| 650 | _aBIODIVERSIDAD | ||
| 650 | _aNATURALEZA | ||
| 650 | _aCONSERVACIÓN | ||
| 650 | _aRECURSOS NATURALES | ||
| 650 | _aCONSERVACIÓN DE LOS RECURSOS NATURALES | ||
| 942 |
_cBK _2ddc |
||
| 999 |
_c871 _d871 |
||